Kuby's immunology (Record no. 44204)

MARC details
003 - CONTROL NUMBER IDENTIFIER
control field DLC
005 - DATE AND TIME OF LATEST TRANSACTION
control field 20260330111519.0
008 - FIXED-LENGTH DATA ELEMENTS--GENERAL INFORMATION
fixed length control field 2023s2023 xx 000 0 eng d
020 ## - INTERNATIONAL STANDARD BOOK NUMBER
International Standard Book Number 9781319498658
040 ## - CATALOGING SOURCE
Original cataloging agency DLC
Language of cataloging eng
050 #4 - LIBRARY OF CONGRESS CALL NUMBER
Classification number QR181 .K83 2023
082 04 - DEWEY DECIMAL CLASSIFICATION NUMBER
Classification number 616.079
100 1# - MAIN ENTRY--PERSONAL NAME
Personal name Stranford, Sharon
Relator term author.
245 10 - TITLE STATEMENT
Title Kuby's immunology
Statement of responsibility, etc Stranford, Sharon.
250 ## - EDITION STATEMENT
Edition statement 8th ed.
264 #1 - PUBLICATION, DISTRIBUTION, ETC. (IMPRINT)
Name of publisher, distributor, etc Macmillan Learning
Date of publication, distribution, etc 2023
300 ## - PHYSICAL DESCRIPTION
Extent xxiv, 574p. ill.
336 ## - CONTENT TYPE
Source CC
338 ## - CARRIER TYPE
Source CC
650 #0 - SUBJECT ADDED ENTRY--TOPICAL TERM
Topical term or geographic name as entry element Immunology
650 #0 - SUBJECT ADDED ENTRY--TOPICAL TERM
Topical term or geographic name as entry element Immune system
650 #0 - SUBJECT ADDED ENTRY--TOPICAL TERM
Topical term or geographic name as entry element Immunological diseases
942 ## - ADDED ENTRY ELEMENTS (KOHA)
Source of classification or shelving scheme Library of Congress Classification
Koha item type Books
Holdings
Withdrawn status Lost status Source of classification or shelving scheme Damaged status Not for loan Permanent Location Current Location Date acquired Total Checkouts Full call number Barcode Date last seen Price effective from Koha item type
    Library of Congress Classification     NILE UNIVERSITY OF NIGERIA - MAIN LIBRARY NILE UNIVERSITY OF NIGERIA - MAIN LIBRARY 03/30/2026   QR 181 .K83 2023 0199545 03/30/2026 03/30/2026 Books